Problémy při výchově mentálně postižené mládeže výzkumná práce

Gespeichert in:
Bibliographische Detailangaben
Format: Buch
Sprache:Tschechisch
Veröffentlicht: Praha Československý výzkumný ústav práce a sociálních věcí 1983
Schriftenreihe:Výzkumné práce č.97
Tags: Tag hinzufügen
Keine Tags, Fügen Sie das erste Tag hinzu!

MARC

LEADER 00000nam a2200000 4500
001 c115475
005 20250818110854.7
041 0 |a cze 
044 |a CZ 
245 1 0 |a Problémy při výchově mentálně postižené mládeže  |b výzkumná práce  |c Jitka Veselá 
264 1 |a Praha  |b Československý výzkumný ústav práce a sociálních věcí  |c 1983 
300 |a 140 s. 
490 1 |a Výzkumné práce  |v č.97 
830 0 |a Výzkumné práce  |v č.97